Imiona raperów - Statystyki

Ogólne statystyki
  • Ten quiz został rozwiązany 438 razy
  • Średni wynik to 14 z 22
Statystyki odpowiedzi
Hint Odpowiedź % Poprawnych
Mata Michał
97%
Quebonafide Jakub
90%
Jan-Rapowanie Jan
90%
Żabson Mateusz
86%
Szpaku Mateusz
86%
ReTo Igor
81%
Young Igi Igor
81%
Bedoes Borys
80%
Kizo Patryk
76%
Taco Hemingway Filip
72%
White 2115 Sebastian
69%
OKI Oskar
62%
Pezet Paweł
60%
Lanek Kamil
58%
Peja Ryszard
57%
Solar Karol
48%
O.S.T.R. Adam
47%
Paluch Łukasz
47%
Chivas Krystian
34%
Tede Jacek
32%
Smolasty Norbert
31%
Malik Montana Mosa
25%
Nie znaleziono quizów pasujących do podanych kryteriów
Rozkład punktacji
Procent ludzi z każdym wynikiem
Percentyl według liczby udzielonych odpowiedzi
Twoja historia wyników
Nie rozwiązałeś tego quizu